<?xml version="1.0" encoding="UTF-8"?>
<record
    xmlns:xsi="http://www.w3.org/2001/XMLSchema-instance"
    xsi:schemaLocation="http://www.loc.gov/MARC21/slim http://www.loc.gov/standards/marcxml/schema/MARC21slim.xsd"
    xmlns="http://www.loc.gov/MARC21/slim">

  <leader>02575nam a2200277 a 4500</leader>
  <controlfield tag="001">000048769</controlfield>
  <controlfield tag="005">20240228133748.0</controlfield>
  <controlfield tag="008">190411s2016    dr            000 0 spa d</controlfield>
  <datafield tag="020" ind1=" " ind2=" ">
    <subfield code="a">9789945897692</subfield>
  </datafield>
  <datafield tag="040" ind1=" " ind2=" ">
    <subfield code="a">DO-SdBNP</subfield>
    <subfield code="b">spa</subfield>
    <subfield code="c">BNPHU</subfield>
  </datafield>
  <datafield tag="082" ind1=" " ind2=" ">
    <subfield code="a">xxxx</subfield>
    <subfield code="b">C794a</subfield>
  </datafield>
  <datafield tag="100" ind1="1" ind2=" ">
    <subfield code="a">Cordero Carrillo, Francisco Febres</subfield>
    <subfield code="9">76223</subfield>
  </datafield>
  <datafield tag="245" ind1="1" ind2="0">
    <subfield code="a">Entre Estado y Naci&#xF3;n :</subfield>
    <subfield code="b">la anexi&#xF3;n y la guerra de restauraci&#xF3;n dominicana, 1861-1865. Una visi&#xF3;n del Caribe hispano en el siglo XIX /</subfield>
    <subfield code="c">Francisco Febres-Cordero Carrillo ; presentaci&#xF3;n Santiago Castro Ventura ; edici&#xF3;n Jes&#xFA;s R. Navarro Zerpa.</subfield>
  </datafield>
  <datafield tag="260" ind1=" " ind2=" ">
    <subfield code="a">Santo Domingo :</subfield>
    <subfield code="b">Academia Dominicana de la Historia,</subfield>
    <subfield code="c">2016.</subfield>
  </datafield>
  <datafield tag="300" ind1=" " ind2=" ">
    <subfield code="a">205 p. ;</subfield>
    <subfield code="c">24 cm.</subfield>
  </datafield>
  <datafield tag="490" ind1="1" ind2=" ">
    <subfield code="a">Academia Dominicana de la Historia</subfield>
    <subfield code="v">135</subfield>
  </datafield>
  <datafield tag="500" ind1=" " ind2=" ">
    <subfield code="a">Incluye referencias bibliogr&#xE1;ficas y notas al pie de las p&#xE1;ginas</subfield>
  </datafield>
  <datafield tag="500" ind1=" " ind2=" ">
    <subfield code="a">Incluye datos biogr&#xE1;ficos del autor en la solapa de la contracubierta</subfield>
  </datafield>
  <datafield tag="500" ind1=" " ind2=" ">
    <subfield code="a">&#xCD;ndice onom&#xE1;sticos</subfield>
  </datafield>
  <datafield tag="504" ind1=" " ind2=" ">
    <subfield code="a">Bibliograf&#xED;a : p. 187-190</subfield>
  </datafield>
  <datafield tag="505" ind1="0" ind2=" ">
    <subfield code="a">Presentaci&#xF3;n --</subfield>
    <subfield code="t">Introducci&#xF3;n --</subfield>
    <subfield code="t">Perfil y bosquejo hist&#xF3;rico --</subfield>
    <subfield code="t">La Rep&#xFA;blica Dominicana --</subfield>
    <subfield code="t">Espa&#xF1;a --</subfield>
    <subfield code="t">Proleg&#xF3;menos de la anexi&#xF3;n --</subfield>
    <subfield code="t">Cuba Y Puerto Rico en las postrimer&#xED;as del imperio del ultramar espa&#xF1;ol --</subfield>
    <subfield code="t">El problema haitiano --</subfield>
    <subfield code="t">Hacia el reconocimiento espa&#xF1;ol del estado dominicano --</subfield>
    <subfield code="t">Un balance geopol&#xED;tico de Espa&#xF1;a en el Caribe --</subfield>
    <subfield code="t">Giro en las relaciones dominico-hispanas --</subfield>
    <subfield code="t">El reconocimiento espa&#xF1;ol de la Rep&#xFA;blica Dominicana --</subfield>
    <subfield code="t">Discurso de la anexi&#xF3;n --</subfield>
    <subfield code="t">Del centro a la periferia: discurso metropolitano versus discurso colonial --</subfield>
    <subfield code="t">Romanticismo y pol&#xED;tica exterior isabelina --</subfield>
    <subfield code="t">El imperialismo decimon&#xF3;nico y la Espa&#xF1;a isabelina --</subfield>
    <subfield code="t">La toma militar de Santo Domingo --</subfield>
    <subfield code="t">Negociaciones preparativas de la anexi&#xF3;n --</subfield>
    <subfield code="t">La marina de guerra espa&#xF1;ola en Santo Domingo --</subfield>
    <subfield code="t">El acuerdo Santana-Serrano --</subfield>
    <subfield code="t">Los primeros d&#xED;as de Espa&#xF1;a en Santo Domingo --</subfield>
    <subfield code="t">La oposici&#xF3;n antianexionista. El incidente diplom&#xE1;tico con Hait&#xED; --</subfield>
    <subfield code="t">Reflexi&#xF3;n te&#xF3;rica sobre el movimiento de la restauraci&#xF3;n dominicana --</subfield>
    <subfield code="t">Compresi&#xF3;n hist&#xF3;rica de la naci&#xF3;n dominicana --</subfield>
    <subfield code="t">La administraci&#xF3;n espa&#xF1;ola en Santo Domingo --</subfield>
    <subfield code="t">Ideolog&#xED;a de la restauraci&#xF3;n dominicana --</subfield>
    <subfield code="t">La guerra de restauraci&#xF3;n desde las filas espa&#xF1;olas --</subfield>
    <subfield code="t">Los primeros levantamientos insurgentes --</subfield>
    <subfield code="t">La ca&#xED;da de Santiago --</subfield>
    <subfield code="t">La campa&#xF1;a del Sur --</subfield>
    <subfield code="t">La toma de Montecristi --</subfield>
  </datafield>
  <datafield tag="590" ind1=" " ind2=" ">
    <subfield code="a">Inventariado, 2019/LP</subfield>
  </datafield>
  <datafield tag="700" ind1="1" ind2=" ">
    <subfield code="a">Navarro Zerpa, Jes&#xFA;s R.</subfield>
    <subfield code="e">ed.</subfield>
    <subfield code="9">73422</subfield>
  </datafield>
  <datafield tag="700" ind1="1" ind2=" ">
    <subfield code="a">Castro Ventura, Santiago</subfield>
    <subfield code="e">Present.</subfield>
    <subfield code="9">1837</subfield>
  </datafield>
  <datafield tag="830" ind1=" " ind2=" ">
    <subfield code="a">Academia Dominicana de la Historia</subfield>
    <subfield code="9">770</subfield>
  </datafield>
  <datafield tag="952" ind1=" " ind2=" ">
    <subfield code="0">0</subfield>
    <subfield code="1">0</subfield>
    <subfield code="5">4</subfield>
    <subfield code="7">0</subfield>
    <subfield code="8">DS</subfield>
    <subfield code="a">GR</subfield>
    <subfield code="b">GR</subfield>
    <subfield code="c">HD</subfield>
    <subfield code="d">2019-04-22</subfield>
    <subfield code="i">LF1</subfield>
    <subfield code="l">0</subfield>
    <subfield code="o">xxxx C794a</subfield>
    <subfield code="p">48769-40</subfield>
    <subfield code="r">2020-06-25</subfield>
    <subfield code="t">e.3</subfield>
    <subfield code="w">2020-06-25</subfield>
    <subfield code="y">LFDS</subfield>
    <subfield code="Z">Pr&#xE9;stamo en sala</subfield>
  </datafield>
  <datafield tag="952" ind1=" " ind2=" ">
    <subfield code="0">0</subfield>
    <subfield code="1">0</subfield>
    <subfield code="5">4</subfield>
    <subfield code="7">0</subfield>
    <subfield code="8">DS</subfield>
    <subfield code="a">GR</subfield>
    <subfield code="b">GR</subfield>
    <subfield code="c">HD</subfield>
    <subfield code="d">2019-04-22</subfield>
    <subfield code="i">LF1</subfield>
    <subfield code="l">0</subfield>
    <subfield code="o">xxxx C794a</subfield>
    <subfield code="p">48769-50</subfield>
    <subfield code="r">2020-06-25</subfield>
    <subfield code="t">e.4</subfield>
    <subfield code="w">2020-06-25</subfield>
    <subfield code="y">LFDS</subfield>
    <subfield code="Z">Pr&#xE9;stamo en sala</subfield>
  </datafield>
  <datafield tag="952" ind1=" " ind2=" ">
    <subfield code="0">0</subfield>
    <subfield code="1">0</subfield>
    <subfield code="5">4</subfield>
    <subfield code="7">0</subfield>
    <subfield code="8">DS</subfield>
    <subfield code="a">GR</subfield>
    <subfield code="b">GR</subfield>
    <subfield code="c">HD</subfield>
    <subfield code="d">2019-04-22</subfield>
    <subfield code="i">LF1</subfield>
    <subfield code="l">0</subfield>
    <subfield code="o">xxxx C794a</subfield>
    <subfield code="p">48769-60</subfield>
    <subfield code="r">2020-06-25</subfield>
    <subfield code="t">e.5</subfield>
    <subfield code="w">2020-06-25</subfield>
    <subfield code="y">LFDS</subfield>
    <subfield code="Z">Pr&#xE9;stamo en sala</subfield>
  </datafield>
  <datafield tag="952" ind1=" " ind2=" ">
    <subfield code="0">0</subfield>
    <subfield code="1">0</subfield>
    <subfield code="7">1</subfield>
    <subfield code="8">PD</subfield>
    <subfield code="a">PD</subfield>
    <subfield code="b">PD</subfield>
    <subfield code="c">HD</subfield>
    <subfield code="d">2019-04-11</subfield>
    <subfield code="i">LF1</subfield>
    <subfield code="l">0</subfield>
    <subfield code="o">xxxx C794a</subfield>
    <subfield code="p">48769-10</subfield>
    <subfield code="r">2020-06-25</subfield>
    <subfield code="w">2020-06-25</subfield>
    <subfield code="y">LFPD</subfield>
    <subfield code="Z">No se presta</subfield>
  </datafield>
  <datafield tag="952" ind1=" " ind2=" ">
    <subfield code="0">0</subfield>
    <subfield code="1">0</subfield>
    <subfield code="7">1</subfield>
    <subfield code="8">PD</subfield>
    <subfield code="a">PD</subfield>
    <subfield code="b">PD</subfield>
    <subfield code="c">HD</subfield>
    <subfield code="d">2019-04-11</subfield>
    <subfield code="i">LF1</subfield>
    <subfield code="l">0</subfield>
    <subfield code="o">xxxx C794a</subfield>
    <subfield code="p">48769-20</subfield>
    <subfield code="r">2020-06-25</subfield>
    <subfield code="t">e.2</subfield>
    <subfield code="w">2020-06-25</subfield>
    <subfield code="y">LFPD</subfield>
    <subfield code="Z">No se presta</subfield>
  </datafield>
  <datafield tag="999" ind1=" " ind2=" ">
    <subfield code="c">48257</subfield>
    <subfield code="d">48257</subfield>
  </datafield>
</record>
